00436nam a2200169Ia 4500001001000000003000500010008004100015010001100056040000900067082001600076100002100092245005100113260003200164300001100196650003200207650002700239Para_9012CHAP220125s2004 xx 000 0 und d a207790 cCHAP aPA 646.7 M3 aMatthews, Andrew aEl libro de los amigos /c por Andrew Matthews aMéxico, D.F. :b Selector a191 p. aMotivación (psicología) aSuperación personal